Acta de la Independencia de Chile

Saved in:
Bibliographic Details
Format: Book
Language:Spanish
Published: Concepción, Chile Universidad de Concepción 1978
Subjects:
Tags: Add Tag
No Tags, Be the first to tag this record!

MARC

LEADER 00000nam a2200000 a 4500
001 UCT3370
003 CL-VaPUC
005 20241018113455.0
008 961018e19780815CL |||||||||||||||||spa|d
999 |c 253049  |d 253047 
040 |c Pontificia Universidad Católica de Valparaíso 
082 0 4 |a 983 ACT 1978  |2 21 
245 1 0 |a Acta de la Independencia de Chile 
260 0 3 |a Concepción, Chile  |b Universidad de Concepción  |c 1978 
300 |a 32 páginas 
500 |a Libros de gran formato 
583 |a last modification  |c 19961018 00:00:00  |k Rodrigo Vera 
600 0 |a O'higgins Riquelme, Bernardo  |9 317764 
600 0 7 |a CASTRO, GIL DE  |2 CL-VaPUC  |9 372304 
600 0 7 |a POZO, JOSE DEL  |2 CL-VaPUC  |9 372305 
600 0 7 |a GIAST, ALFONSO  |2 CL-VaPUC  |9 372306 
650 0 |a Historia de Chile  |9 265473 
650 7 |a INDEPENDENCIA NACIONAL  |2 CL-VaPUC  |9 372307 
650 0 |a Fuentes Históricas  |9 265141 
650 0 |a Iconografía   |9 267998 
651 0 |a Concepción  |z CHILE  |9 254982 
942 |c BK  |2 ddc 
945 |d 19961018 00:00:00  |a lriquelm 
952 |0 0  |1 0  |2 ddc  |4 0  |6 983_000000000000000_ACT_1978  |7 0  |8 A  |9 273475  |a BIBCUR  |b BIBCUR  |d 2019-11-19  |i 1774581  |o 983 ACT 1978  |p 1774581  |r 2025-04-22  |t 1  |w 2019-11-19  |y BK  |k BCB 
952 |0 0  |1 0  |2 ddc  |4 0  |6 983_000000000000000_ACT_1978  |7 0  |8 X  |9 273476  |a FDOBUD  |b FDOBUD  |d 2019-11-19  |i 1073354  |o 983 ACT 1978  |p 1073354  |r 2019-11-19  |t 2  |w 2019-11-19  |y BK_X  |k BUD 
952 |0 0  |1 0  |2 ddc  |4 0  |6 983_000000000000000_ACT_1978  |7 0  |8 X  |9 273477  |a FDOBUD  |b FDOBUD  |d 2019-11-19  |i 1073362  |o 983 ACT 1978  |p 1073362  |r 2019-11-19  |t 3  |w 2019-11-19  |y BK_X  |k BUD 
952 |0 0  |1 0  |2 ddc  |4 0  |6 983_000000000000000_ACT_1978  |7 0  |8 X  |9 273478  |a FDOBUD  |b FDOBUD  |d 2019-11-19  |i 1073370  |o 983 ACT 1978  |p 1073370  |r 2019-11-19  |t 4  |w 2019-11-19  |y BK_X  |k BUD 
952 |0 0  |1 0  |2 ddc  |4 0  |6 983_000000000000000_ACT_1978  |7 0  |8 X  |9 273479  |a FDOBUD  |b FDOBUD  |d 2019-11-19  |i 1073389  |o 983 ACT 1978  |p 1073389  |r 2019-11-19  |t 5  |w 2019-11-19  |y BK_X  |k BUD